Use and misuse of FIDIC forms of contract in Central and Eastern Europe (Record no. 114349)

MARC details
000 -LEADER
fixed length control field 01672cad a22002175a 4500
001 - CONTROL NUMBER
control field L156657
008 - FIXED-LENGTH DATA ELEMENTS--GENERAL INFORMATION
fixed length control field 120618s2012 xxkqr p 0 a0eng u
035 ## - SYSTEM CONTROL NUMBER
System control number (Sirsi) u156657
041 0# - LANGUAGE CODE
Language code of text/sound track or separate title eng
100 1# - MAIN ENTRY--PERSONAL NAME
Personal name Gillion, Frederick
110 2# - MAIN ENTRY--CORPORATE NAME
Corporate name or jurisdiction name as entry element Fenwick Elliott LLP
245 00 - TITLE STATEMENT
Title Use and misuse of FIDIC forms of contract in Central and Eastern Europe
Remainder of title the worrying trend of Silver Book provisions in public works contracts
Medium [electronic resource]
260 ## - PUBLICATION, DISTRIBUTION, ETC.
Place of publication, distribution, etc. [S.l.]
Name of publisher, distributor, etc. [s.n.]
Date of publication, distribution, etc. 2012
520 ## - SUMMARY, ETC.
Summary, etc. Discusses the challenge faced by international contractors in certain Central and Eastern European (CEE) countries where employers have managed to impose in public works contracts - largely financed by the EU - very onerous provisions for the contractor which radically change the allocation of risks established by the General Conditions of Contract. This article highlights some of the significant differences between the Yellow Book and the Silver Book, the provisions or principles of the Silver Book that are now being commonly adopted in public work contracts in certain CEE countries, and the additional risks that are as a result transferred to the contractor, thus effectively removing FIDIC's traditional principles of balanced risk sharing.
590 ## - LOCAL NOTE (RLIN)
Local note KA
651 #4 - SUBJECT ADDED ENTRY--GEOGRAPHIC NAME
Geographic name United Kingdom
Chronological subdivision
651 #4 - SUBJECT ADDED ENTRY--GEOGRAPHIC NAME
Geographic name Europe
690 ## - LOCAL SUBJECT ADDED ENTRY--TOPICAL TERM (OCLC, RLIN)
Topical term or geographic name as entry element Contracts
9 (RLIN) 6232
856 40 - ELECTRONIC LOCATION AND ACCESS
Uniform Resource Identifier <a href="https://www.mondaq.com/x/179426/Building+Construction/Use+And+Misuse+Of+FIDIC+Forms+Of+Contract+In+Central+And+Eastern+Europe+The+Worrying+Trend+Of+Silver+Book+Provisions+In+Public+Works+Contracts&email_access=on">https://www.mondaq.com/x/179426/Building+Construction/Use+And+Misuse+Of+FIDIC+Forms+Of+Contract+In+Central+And+Eastern+Europe+The+Worrying+Trend+Of+Silver+Book+Provisions+In+Public+Works+Contracts&email_access=on</a>
Public note Register here with Mondaq to view the article free of charge www.mondaq.com
942 ## - ADDED ENTRY ELEMENTS (KOHA)
Suppress in OPAC 0
Holdings
Withdrawn status Lost status Source of classification or shelving scheme Damaged status Not for loan Home library Current library Shelving location Date acquired Total Checkouts Full call number Barcode Date last seen Copy number Price effective from Koha item type
    Dewey Decimal Classification     Virtual Virtual Online 18/06/2012   ONLINE PUBLICATION 156657-2001 06/08/2019 1 06/08/2019 Book